LEADER 01290nam--2200409---450- 001 990000878770203316 005 20050511174636.0 010 $a90-6186-709-6 035 $a0087877 035 $aUSA010087877 035 $a(ALEPH)000087877USA01 035 $a0087877 100 $a20020116d1995----km-y0itay0103----ba 101 $aeng 102 $aBE 105 $a||||||||001yy 200 1 $aDeontology and teleology$ean investigatio of the normative debate in roman catholoc moral theology$fTodd A. Salzman 210 $aLeuven$cUniversity press$cU. Peeters$d1995 215 $aXVII, 555 p.$d25 cm 225 2 $aBibliotheca ephemeridum theologicarum lovaniensium$v70 410 $12001$aBibliotheca ephemeridum theologicarum lovaniensium$v70 461 1$1001-------$12001 606 0 $aTeologia 606 0 $aDeontologia 676 $a124 700 1$aSALZMAN,$bTodd A.$0551435 801 0$aIT$bsalbc$gISBD 912 $a990000878770203316 951 $aII 2 1709(XIV 737)$b134424 LM$cXIV 959 $aBK 969 $aUMA 979 $aPATTY$b90$c20020116$lUSA01$h1431 979 $c20020403$lUSA01$h1732 979 $aPATRY$b90$c20040406$lUSA01$h1701 979 $aCOPAT6$b90$c20050511$lUSA01$h1746 996 $aDeontology and teleology$9969895 997 $aUNISA LEADER 01285nam a2200265 i 4500 001 991000758279707536 008 100603s2009 it b 000 0 ita d 020 $a9788874314799 035 $ab13906902-39ule_inst 040 $aDip.to Studi Giuridici$bita 082 0 $a305.80 245 00$aImmigrazione e integrazione sociale nel Mezzogiorno :$bruolo delle strutture pubbliche e del mondo non profit /$c[pubblicazione curata da SRM, Associazione studi e ricerche per il Mezzogiorno, direttore Francesco Coppola] 260 $aNapoli :$bGiannini,$cc2009 300 $a394 p. :$bill. ;$c24 cm. 504 $aContiene riferimenti bibliografici (p. 385-386) 650 0$aImmigrati$zItalia meridionale$xPolitiche sociali 651 4$aItalia meridionale$xImmigrazione$xAspetti sociali 700 1 $aCoppola, Francesco Saverio 710 2$aAssociazione studi e ricerche per il Mezzogiorno$eauthor$4http://id.loc.gov/vocabulary/relators/aut 907 $a.b13906902$b28-01-14$c03-06-10 912 $a991000758279707536 945 $aLE027 305.80 SRM01.01$g1$i2027000302925$lle027$og$pE45.00$q-$rl$s- $t0$u6$v7$w6$x0$y.i15140003$z04-06-10 996 $aImmigrazione e integrazione sociale nel mezzogiorno$958033 997 $aUNISALENTO 998 $ale027$b03-06-10$cm$da $e-$fita$git $h0$i0